000 01622cam a22004694i 4500
003 PE-LiUPU
005 20250731173531.0
008 150616s r 000 0 d
020 _a0805460683
035 _a(Sirsi) i9780805460681
040 _aPE-LiUPU
_bspa
_cPE-LiUPU
_erda
049 _aPRUA
082 0 4 _a254.5002
_bL54
_221
100 1 _aLewis, Larry L.,
_eautor.
245 1 4 _aThe Church Planter's Handbook.
264 1 _aTennessee :
_bBroadman Press,
_c1992.
300 _a176 páginas ;
_c21 centímetros
336 _atext
_2rdacontent
337 _aunmediated
_2rdamedia
338 _avolume
_2rdacarrier
504 _aIncluye bibliografía.
505 0 _aForesight.- Field.- Faithful few.- Facilities.- Facilitator.- Founds.- Fellowship meetings.- Founder's day.- Follow-upáginas- Family planning.- Fire for heaven.
526 _aSEG42
526 _aSEG41
526 _aSEG40
526 _aSEG39
526 _aP94
526 _aP87
526 _aP86
526 _aP85
526 _aP77
526 _aP76
526 _aP35
650 0 4 _aCRECIMIENTO DE IGLESIA - COMPENDIOS, MANUALES, ETC.
910 _ajck
_bjvq
_cjck
942 _2ddc
_cBOOK
949 _a254.5002 L54
_wDEWEY
_c1
_i42263
_lCCODEBUL1
_mBUL
_r0
_sY
_tBOOK
_u2015-6-16
_xTEOLOGIA
_zUNKNOWN
_0COMPRA
_o.STAFF. Colección General
994 _aC0
_bPEPRU
596 _a1
999 _a254.5002 L54
_wDEWEY
_c60092
_i42263
_f2021-11-10
_g5
_lCCODEBUL1
_mBUL
_r0
_sY
_tBOOK
_u2015-6-16
_xTEOLOGIA
_zUNKNOWN
_0COMPRA
_o.STAFF. Colección General
_d60092
980 _81
_gALBERTO SANCHEZ Responsable de Automatización